000 00516nam a2200169 i 4500
001 80754
003 ES-MaACL
005 20230906174305.0
007 t|
008 041029s1970 sp ||||1| spa d
100 1 _aHourdin, Georges.
_964338
245 1 0 _aProceso a la sociedad de consumo /
_cGeorges Hourdin ; [traducción de: Eduardo Alvarez Puga].
260 _a[Barcelona] :
_bDopesa,
_c[1970]
300 _a231 p. ;
_c18 cm.
700 1 _aAlvarez Puga, Eduardo.
_920919
852 _aES-MaACL
_jC-40438
_bR.75173
999 _c80754
_d80754